[Event "CAN-ch U10"]
[Site "Quebec"]
[Date "2018.07.03"]
[Round "3.113"]
[White "Ma, Andrew"]
[Black "Nikmaran, Ryan"]
[Result "1-0"]
[WhiteElo "1575"]
[BlackElo "1153"]
[PlyCount "89"]
[EventDate "2018.07.02"]
[EventType "swiss"]
[EventRounds "7"]
[EventCountry "CAN"]
[SourceTitle "EXT 2022"]
[Source "ChessBase"]
[SourceDate "2021.10.06"]
[SourceVersion "1"]
[SourceVersionDate "2021.10.06"]
[SourceQuality "1"]

1. e4 c5 2. Nf3 Nc6 3. Bb5 d6 4. 0-0 Bd7 5. Bxc6 Bxc6 6. Re1 e5 7. c3 b6 8. d4 f6 9. Nbd2 Be7 10. Nf1 Nh6 11. Ng3 Nf7 12. Qb3 g6 13. Be3 d5 14. Rad1 c4 15. Qc2 0-0 16. dxe5 Nxe5 17. Nxe5 fxe5 18. exd5 Be8 19. Bh6 Rf7 20. Ne4 Bd7 21. Ng3 Bg5 22. Bxg5 Qxg5 23. Qe4 Bf5 24. Nxf5 Rxf5 25. d6 Rf4 26. Qxa8+ Rf8 27. Qd5+ Kh8 28. Qxe5+ Qxe5 29. Rxe5 g5 30. d7 h5 31. d8Q Rxd8 32. Rxd8+ Kh7 33. Re7+ Kg6 34. Rf8 g4 35. Ref7 Kg5 36. g3 h4 37. Kf1 hxg3 38. fxg3 b5 39. Ke2 b4 40. Ke3 bxc3 41. bxc3 a5 42. Ke4 a4 43. Ke5 a3 44. Rg8+ Kh5 45. Rh7# 1-0

[Event "Ontario-ch U20 U1800"]
[Site "Mississauga"]
[Date "2018.01.28"]
[Round "4"]
[White "Chen, Derek1111"]
[Black "Ma, Andrew"]
[Result "1-0"]
[WhiteElo "1400"]
[BlackElo "1486"]
[PlyCount "153"]
[EventDate "2018.01.27"]
[EventType "swiss"]
[EventRounds "5"]
[EventCountry "CAN"]
[SourceTitle "EXT 2022"]
[Source "ChessBase"]
[SourceDate "2021.10.06"]
[SourceVersion "1"]
[SourceVersionDate "2021.10.06"]
[SourceQuality "1"]

1. e4 c5 2. Nf3 d6 3. d4 cxd4 4. Nxd4 Nf6 5. Nc3 a6 6. Be2 e6 7. Be3 Be7 8. 0-0 b5 9. a3 Bb7 10. f3 Nc6 11. Qd2 0-0 12. Rad1 Rc8 13. Nxc6 Bxc6 14. Bd3 d5 15. e5 Nd7 16. f4 Bc5 17. b4 Bxe3+ 18. Qxe3 Qb6 19. Qxb6 Nxb6 20. Be2 Bb7 21. Rd3 g6 22. Rc1 Rc7 23. Nd1 Rfc8 24. c3 Nc4 25. Ra1 Nb6 26. Kf1 Na4 27. Rc1 d4 28. Rxd4 Nxc3 29. Nxc3 Rxc3 30. Rxc3 Rxc3 31. Rd3 Rxd3 32. Bxd3 Kg7 33. g3 f6 34. Kf2 fxe5 35. fxe5 Kf7 36. Ke3 Ke7 37. h4 Bg2 38. h5 gxh5 39. Bxh7 Kf7 40. Kd4 Kg7 41. Bd3 Kh6 42. Kc5 Kg5 43. Kb6 Kg4 44. Bg6 Kxg3 45. Bxh5 Kf4 46. Be2 Kxe5 47. Kxa6 Kd4 48. Kxb5 e5 49. a4 Ke3 50. Bc4 Kd2 51. a5 e4 52. a6 e3 53. a7 e2 54. Bxe2 Kxe2 55. Ka6 Kd3 56. b5 Kd4 57. b6 Bf1+ 58. Kb7 Ke5 59. Kc7 Bg2 60. b7 Bxb7 61. Kxb7 Kd5 62. a8Q Ke5 63. Qd8 Ke4 64. Qd6 Kf5 65. Qe7 Kf4 66. Qe6 Kf3 67. Qe5 Kg4 68. Qf6 Kg3 69. Qf5 Kg2 70. Qf4 Kh3 71. Qg5 Kh2 72. Qg4 Kh1 73. Kc6 Kh2 74. Kd5 Kh1 75. Ke4 Kh2 76. Kf3 Kh1 77. Qg2# 1-0